[Event "Mitropa Online Cup Open 2021"]
[Site "Hybrid"]
[Date "2021.05.04"]
[Round "6.2"]
[White "Antal, Gergely"]
[Black "Babula, Vlastimil"]
[Result "0-1"]
[WhiteElo "2572"]
[BlackElo "2559"]
[Annotator "ChessBase"]
[PlyCount "88"]
[EventDate "2021.05.04"]
[EventType "team-tourn"]
[EventCountry "NET"]
[SourceTitle "playchess.com"]
[Source "ChessBase"]
[SourceQuality "1"]
[WhiteTeam "Hungary"]
[BlackTeam "Czech Republic"]
[WhiteTeamCountry "HUN"]
[BlackTeamCountry "CZE"]
[TimeControl "40/5400+30:1800+30"]

1. e4 {[%emt 0:00:00]} c5 {[%emt 0:00:09]} 2. Nf3 {[%emt 0:00:09]} e6 {[%emt 0:00:14]} 3. b3 {[%emt 0:00:41]} a6 {[%emt 0:00:56]} 4. c4 {[%emt 0:01:09]} Nc6 {[%emt 0:00:46]} 5. Bb2 {[%emt 0:00:54]} Nf6 {[%emt 0:02:49]} 6. e5 {[%emt 0:12:02]} Ng4 {[%emt 0:00:29]} 7. h3 {[%emt 0:03:15]} Nh6 {[%emt 0:00:12]} 8. g4 {[%emt 0:07:26]} d5 {[%emt 0:08:05]} 9. exd6 {[%emt 0:00:33]} Qxd6 {[%emt 0:01:28]} 10. Bg2 {[%emt 0:02:37]} Bd7 {[%emt 0:04:20]} 11. O-O {[%emt 0:23:21]} O-O-O {[%emt 0:08:46]} 12. Qe2 {[%emt 0:03:03]} f6 {[%emt 0:05:07]} 13. Nc3 {[%emt 0:05:42]} e5 {[%emt 0:13:42]} 14. Nd5 {[%emt 0:03:19]} Nf7 {[%emt 0:04:22]} 15. b4 {[%emt 0:02:23]} h5 {[%emt 0:06:25]} 16. Nb6+ {[%emt 0:03:19]} Kb8 {[%emt 0:03:18]} 17. bxc5 {[%emt 0:00:12]} Qe6 {[%emt 0:03:49]} 18. Nxd7+ {[%emt 0:00:41]} Qxd7 {[%emt 0:00:39]} 19. gxh5 {[%emt 0:02:28]} Bxc5 {[%emt 0:01:28]} 20. Nh4 {[%emt 0:07:30]} Qxd2 {[%emt 0:03:02]} 21. Qg4 {[%emt 0:02:37]} Qg5 {[%emt 0:12:05]} 22. Rab1 {[%emt 0:13:22]} Rxh5 {[%emt 0:05:55]} 23. Qe6 {[%emt 0:00:31]} Nd6 {[%emt 0:02:25]} 24. Nf3 {[%emt 0:01:49]} Qf5 {[%emt 0:03:43]} 25. Qxf5 {[%emt 0:00:44]} Rxf5 {[%emt 0:01:40]} 26. Nh4 {[%emt 0:01:42]} Rh5 {[%emt 0:00:28]} 27. Bxc6 {[%emt 0:00:11]} Rxh4 {[%emt 0:00:16]} 28. Bg2 {[%emt 0:00:35]} Nxc4 {[%emt 0:01:25]} 29. Bxe5+ {[%emt 0:01:17]} fxe5 {[%emt 0:01:44]} 30. Rxb7+ {[%emt 0:00:03]} Kc8 {[%emt 0:00:04]} 31. Rc1 {[%emt 0:00:44]} e4 {[%emt 0:01:40]} 32. Rxg7 {[%emt 0:01:03]} e3 {[%emt 0:00:45]} 33. Bf1 {[%emt 0:00:18]} exf2+ {[%emt 0:00:10]} 34. Kh2 {[%emt 0:00:41]} Rdd4 {[%emt 0:00:28]} 35. Kg3 {[%emt 0:00:30]} Kd8 {[%emt 0:00:52]} 36. Rg4 {[%emt 0:00:29]} Rhxg4+ {[%emt 0:01:53]} 37. hxg4 {[%emt 0:00:02]} Nd2 {[%emt 0:00:30]} 38. Bxa6 {[%emt 0:00:16]} Bb6 {[%emt 0:00:53]} 39. Rc6 {[%emt 0:01:09]} f1=Q {[%emt 0:01:24]} 40. Bxf1 {[%emt 0:00:00]} Nxf1+ {[%emt 0:00:00]} 41. Kh4 {[%emt 0:00:57]} Bc7 {[%emt 0:00:44]} 42. Kh5 {[%emt 0:00:30]} Ng3+ {[%emt 0:00:31]} 43. Kg5 {[%emt 0:00:04]} Kd7 {[%emt 0:01:19]} 44. Rc2 {[%emt 0:00:04]} Bd8+ {[%emt 0:00:30]} 0-1

[Event "Mitropa Online Cup Open 2021"]
[Site "Hybrid"]
[Date "2021.05.04"]
[Round "6.2"]
[White "Krejci, Jan"]
[Black "Mihok, Oliver"]
[Result "1/2-1/2"]
[WhiteElo "2540"]
[BlackElo "2547"]
[Annotator "ChessBase"]
[PlyCount "81"]
[EventDate "2021.05.04"]
[EventType "team-tourn"]
[EventCountry "NET"]
[SourceTitle "playchess.com"]
[Source "ChessBase"]
[SourceQuality "1"]
[WhiteTeam "Czech Republic"]
[BlackTeam "Hungary"]
[WhiteTeamCountry "CZE"]
[BlackTeamCountry "HUN"]
[TimeControl "40/5400+30:1800+30"]

1. c4 {[%emt 0:00:00]} Nf6 {[%emt 0:00:34]} 2. Nc3 {[%emt 0:00:15]} g6 {[%emt 0:00:28]} 3. g3 {[%emt 0:00:05]} Bg7 {[%emt 0:00:59]} 4. Bg2 {[%emt 0:00:05]} c5 {[%emt 0:02:04]} 5. Nf3 {[%emt 0:01:05]} Nc6 {[%emt 0:00:42]} 6. d4 {[%emt 0:00:28]} cxd4 {[%emt 0:00:05]} 7. Nxd4 {[%emt 0:00:05]} O-O {[%emt 0:00:21]} 8. O-O {[%emt 0:00:09]} Nxd4 {[%emt 0:00:08]} 9. Qxd4 {[%emt 0:00:07]} d6 {[%emt 0:00:07]} 10. Qd3 {[%emt 0:00:02]} a6 {[%emt 0:00:15]} 11. Bg5 {[%emt 0:06:58]} Rb8 {[%emt 0:05:52]} 12. a4 {[%emt 0:09:42]} Be6 {[%emt 0:18:54]} 13. b3 {[%emt 0:06:21]} Re8 {[%emt 0:05:59]} 14. Rac1 {[%emt 0:03:05]} Qa5 {[%emt 0:02:01]} 15. Bd2 {[%emt 0:11:59]} Qh5 {[%emt 0:05:31]} 16. Nd5 {[%emt 0:01:29]} Nxd5 {[%emt 0:09:46]} 17. cxd5 {[%emt 0:02:25]} Bh3 {[%emt 0:01:59]} 18. Rc7 {[%emt 0:06:54]} Bxg2 {[%emt 0:01:23]} 19. Kxg2 {[%emt 0:00:13]} e6 {[%emt 0:04:47]} 20. dxe6 {[%emt 0:06:19]} Rxe6 {[%emt 0:00:06]} 21. Qf3 {[%emt 0:03:36]} Qxf3+ {[%emt 0:00:44]} 22. Kxf3 {[%emt 0:00:22]} Bd4 {[%emt 0:06:46]} 23. Bf4 {[%emt 0:07:25]} Be5 {[%emt 0:02:57]} 24. Be3 {[%emt 0:07:00]} b5 {[%emt 0:02:34]} 25. Rfc1 {[%emt 0:04:32]} bxa4 {[%emt 0:02:21]} 26. bxa4 {[%emt 0:00:38]} Kg7 {[%emt 0:03:52]} 27. R1c6 {[%emt 0:02:02]} Rf6+ {[%emt 0:03:49]} 28. Kg2 {[%emt 0:00:40]} Rb2 {[%emt 0:04:38]} 29. Rxa6 {[%emt 0:02:31]} Rxe2 {[%emt 0:00:09]} 30. Rd7 {[%emt 0:00:18]} Ra2 {[%emt 0:01:52]} 31. Ra8 {[%emt 0:01:35]} g5 {[%emt 0:06:57]} 32. a5 {[%emt 0:03:43]} g4 {[%emt 0:00:34]} 33. Rdd8 {[%emt 0:00:51]} Rf3 {[%emt 0:01:04]} 34. Bb6 {[%emt 0:01:59]} Rb3 {[%emt 0:01:32]} 35. Rg8+ {[%emt 0:02:53]} Kf6 {[%emt 0:00:10]} 36. Ra7 {[%emt 0:00:30]} h5 {[%emt 0:01:08]} 37. Bd8+ {[%emt 0:03:14]} Ke6 {[%emt 0:00:26]} 38. Re7+ {[%emt 0:00:05]} Kd5 {[%emt 0:00:07]} 39. Rxf7 {[%emt 0:00:06]} Rb1 {[%emt 0:03:24]} 40. h3 {[%emt 0:00:00]} Raa1 {[%emt 0:00:00]} 41. hxg4 {[%emt 0:05:08]} 1/2-1/2

[Event "Mitropa Online Cup Open 2021"]
[Site "Hybrid"]
[Date "2021.05.04"]
[Round "6.2"]
[White "Nagy, Gabor"]
[Black "Finek, Vaclav"]
[Result "1-0"]
[WhiteElo "2511"]
[BlackElo "2361"]
[Annotator "ChessBase"]
[PlyCount "115"]
[EventDate "2021.05.04"]
[EventType "team-tourn"]
[EventCountry "NET"]
[SourceTitle "playchess.com"]
[Source "ChessBase"]
[SourceQuality "1"]
[WhiteTeam "Hungary"]
[BlackTeam "Czech Republic"]
[WhiteTeamCountry "HUN"]
[BlackTeamCountry "CZE"]
[TimeControl "40/5400+30:1800+30"]

1. d4 {[%emt 0:00:00]} Nf6 {[%emt 0:00:14]} 2. c4 {[%emt 0:00:09]} g6 {[%emt 0:00:09]} 3. g3 {[%emt 0:00:11]} c6 {[%emt 0:00:12]} 4. Bg2 {[%emt 0:00:17]} d5 {[%emt 0:00:07]} 5. Qa4 {[%emt 0:00:18]} Bg7 {[%emt 0:00:26]} 6. cxd5 {[%emt 0:00:17]} Nxd5 {[%emt 0:01:12]} 7. Nf3 {[%emt 0:00:17]} O-O {[%emt 0:00:17]} 8. O-O {[%emt 0:00:30]} Nb6 {[%emt 0:07:53]} 9. Qc2 {[%emt 0:03:00]} Bg4 {[%emt 0:03:20]} 10. Rd1 {[%emt 0:01:26]} N8d7 {[%emt 0:01:48]} 11. Nc3 {[%emt 0:02:27]} Re8 {[%emt 0:03:00]} 12. h3 {[%emt 0:03:57]} Bxf3 {[%emt 0:00:33]} 13. Bxf3 {[%emt 0:00:08]} Qc7 {[%emt 0:07:33]} 14. Bg2 {[%emt 0:03:16]} e5 {[%emt 0:07:37]} 15. dxe5 {[%emt 0:01:12]} Nxe5 {[%emt 0:00:48]} 16. Ne4 {[%emt 0:04:46]} h6 {[%emt 0:03:57]} 17. Be3 {[%emt 0:10:26]} Rad8 {[%emt 0:04:27]} 18. Bc5 {[%emt 0:01:04]} Nd5 {[%emt 0:15:22]} 19. Qb3 {[%emt 0:04:54]} b6 {[%emt 0:06:59]} 20. Bd6 {[%emt 0:01:25]} Qb7 {[%emt 0:00:57]} 21. Rac1 {[%emt 0:01:55]} Qa8 {[%emt 0:02:36]} 22. Ba3 {[%emt 0:01:50]} a5 {[%emt 0:11:05]} 23. Nd6 {[%emt 0:02:46]} a4 {[%emt 0:00:31]} 24. Qc2 {[%emt 0:00:13]} b5 {[%emt 0:03:17]} 25. Nxe8 {[%emt 0:01:24]} Rxe8 {[%emt 0:00:09]} 26. Bc5 {[%emt 0:00:55]} Nc4 {[%emt 0:01:14]} 27. b3 {[%emt 0:01:58]} axb3 {[%emt 0:01:24]} 28. axb3 {[%emt 0:00:10]} Ne5 {[%emt 0:02:28]} 29. Bd4 {[%emt 0:01:17]} Re6 {[%emt 0:02:23]} 30. Bxd5 {[%emt 0:00:50]} cxd5 {[%emt 0:00:09]} 31. Qc8+ {[%emt 0:00:12]} Qxc8 {[%emt 0:00:03]} 32. Rxc8+ {[%emt 0:00:07]} Kh7 {[%emt 0:00:11]} 33. Bxe5 {[%emt 0:00:11]} Rxe5 {[%emt 0:00:11]} 34. e3 {[%emt 0:00:07]} Rh5 {[%emt 0:05:35]} 35. Rc5 {[%emt 0:00:50]} b4 {[%emt 0:00:15]} 36. Kg2 {[%emt 0:00:24]} Re5 {[%emt 0:01:32]} 37. Rcxd5 {[%emt 0:00:07]} Re6 {[%emt 0:00:31]} 38. Rd7 {[%emt 0:00:13]} Kg8 {[%emt 0:00:18]} 39. Rb7 {[%emt 0:00:06]} Bc3 {[%emt 0:00:07]} 40. Rdd7 {[%emt 0:00:00]} Rf6 {[%emt 0:00:00]} 41. f4 {[%emt 0:00:12]} h5 {[%emt 0:02:56]} 42. g4 {[%emt 0:00:55]} hxg4 {[%emt 0:05:28]} 43. hxg4 {[%emt 0:00:08]} g5 {[%emt 0:04:10]} 44. fxg5 {[%emt 0:00:18]} Re6 {[%emt 0:00:24]} 45. Kf3 {[%emt 0:00:23]} Kg7 {[%emt 0:00:27]} 46. Rxf7+ {[%emt 0:00:16]} Kg6 {[%emt 0:00:07]} 47. Rf8 {[%emt 0:01:25]} Kxg5 {[%emt 0:00:43]} 48. Rg8+ {[%emt 0:00:07]} Kf6 {[%emt 0:00:23]} 49. g5+ {[%emt 0:00:05]} Ke5 {[%emt 0:01:49]} 50. Rb5+ {[%emt 0:00:09]} Kd6 {[%emt 0:00:06]} 51. Rb6+ {[%emt 0:00:05]} Ke5 {[%emt 0:00:15]} 52. Rxe6+ {[%emt 0:00:05]} Kxe6 {[%emt 0:00:06]} 53. Rb8 {[%emt 0:00:07]} Kf5 {[%emt 0:01:41]} 54. Rb5+ {[%emt 0:00:07]} Kg6 {[%emt 0:00:13]} 55. Kg4 {[%emt 0:00:05]} Bd2 {[%emt 0:00:08]} 56. e4 {[%emt 0:00:07]} Bc3 {[%emt 0:00:06]} 57. Rb6+ {[%emt 0:00:05]} Kg7 {[%emt 0:00:05]} 58. Kf5 {[%emt 0:00:04]} 1-0

[Event "Mitropa Online Cup Open 2021"]
[Site "Hybrid"]
[Date "2021.05.04"]
[Round "6.3"]
[White "Bogner, Sebastian"]
[Black "Dragnev, Valentin"]
[Result "1-0"]
[WhiteElo "2577"]
[BlackElo "2559"]
[Annotator "ChessBase"]
[PlyCount "51"]
[EventDate "2021.05.04"]
[EventType "team-tourn"]
[EventCountry "NET"]
[SourceTitle "playchess.com"]
[Source "ChessBase"]
[SourceQuality "1"]
[WhiteTeam "Switzerland"]
[BlackTeam "Austria"]
[WhiteTeamCountry "SUI"]
[BlackTeamCountry "AUT"]
[TimeControl "40/5400+30:1800+30"]

1. e4 {[%emt 0:00:00]} c5 {[%emt 0:00:47]} 2. Nc3 {[%emt 0:00:15]} d6 {[%emt 0:00:08]} 3. Nge2 {[%emt 0:03:52]} Nf6 {[%emt 0:01:30]} 4. d4 {[%emt 0:01:24]} cxd4 {[%emt 0:00:08]} 5. Nxd4 {[%emt 0:00:01]} a6 {[%emt 0:00:07]} 6. h3 {[%emt 0:00:55]} e5 {[%emt 0:01:58]} 7. Nde2 {[%emt 0:01:01]} h5 {[%emt 0:00:12]} 8. Bg5 {[%emt 0:00:34]} Be6 {[%emt 0:01:33]} 9. Bxf6 {[%emt 0:00:18]} Qxf6 {[%emt 0:00:11]} 10. Nd5 {[%emt 0:00:04]} Qd8 {[%emt 0:00:10]} 11. Qd3 {[%emt 0:01:57]} Nd7 {[%emt 0:01:25]} 12. O-O-O {[%emt 0:03:01]} g6 {[%emt 0:00:16]} 13. Kb1 {[%emt 0:03:44]} Nc5 {[%emt 0:07:20]} 14. Qa3 {[%emt 0:07:27]} Bh6 {[%emt 0:01:47]} 15. Nec3 {[%emt 0:01:20]} O-O {[%emt 0:00:44]} 16. Be2 {[%emt 0:01:25]} b5 {[%emt 0:02:51]} 17. h4 {[%emt 0:19:15]} Rb8 {[%emt 0:09:44]} 18. f3 {[%emt 0:11:55]} Bd7 {[%emt 0:22:12]} 19. b4 {[%emt 0:01:47]} f5 {[%emt 0:12:04]} 20. bxc5 {[%emt 0:12:07]} b4 {[%emt 0:01:36]} 21. Nxb4 {[%emt 0:04:07]} dxc5 {[%emt 0:02:30]} 22. Qxa6 {[%emt 0:03:26]} Rxb4+ {[%emt 0:07:13]} 23. Ka1 {[%emt 0:00:03]} Rf6 {[%emt 0:04:06]} 24. Bc4+ {[%emt 0:05:00]} Rxc4 {[%emt 0:08:07]} 25. Qxc4+ {[%emt 0:00:12]} Rf7 {[%emt 0:00:07]} 26. Rd6 {[%emt 0:01:51]} 1-0

[Event "Mitropa Online Cup Open 2021"]
[Site "Hybrid"]
[Date "2021.05.04"]
[Round "6.3"]
[White "Blohberger, Felix"]
[Black "Kurmann, Oliver"]
[Result "1-0"]
[WhiteElo "2463"]
[BlackElo "2430"]
[Annotator "ChessBase"]
[PlyCount "101"]
[EventDate "2021.05.04"]
[EventType "team-tourn"]
[EventCountry "NET"]
[SourceTitle "playchess.com"]
[Source "ChessBase"]
[SourceQuality "1"]
[WhiteTeam "Austria"]
[BlackTeam "Switzerland"]
[WhiteTeamCountry "AUT"]
[BlackTeamCountry "SUI"]
[TimeControl "40/5400+30:1800+30"]

1. e4 {[%emt 0:00:00]} c5 {[%emt 0:00:09]} 2. c3 {[%emt 0:00:12]} Nf6 {[%emt 0:00:23]} 3. e5 {[%emt 0:00:10]} Nd5 {[%emt 0:00:03]} 4. Nf3 {[%emt 0:00:10]} e6 {[%emt 0:04:05]} 5. d4 {[%emt 0:00:36]} cxd4 {[%emt 0:00:28]} 6. cxd4 {[%emt 0:00:08]} d6 {[%emt 0:00:03]} 7. Bc4 {[%emt 0:00:30]} Be7 {[%emt 0:00:12]} 8. O-O {[%emt 0:00:49]} O-O {[%emt 0:00:03]} 9. Qe2 {[%emt 0:01:18]} b6 {[%emt 0:01:26]} 10. Bxd5 {[%emt 0:02:57]} exd5 {[%emt 0:00:03]} 11. Rd1 {[%emt 0:00:24]} Na6 {[%emt 0:08:32]} 12. Nc3 {[%emt 0:04:14]} Nc7 {[%emt 0:00:05]} 13. h3 {[%emt 0:03:40]} Bb7 {[%emt 0:00:25]} 14. Bf4 {[%emt 0:01:16]} Rc8 {[%emt 0:03:55]} 15. Rac1 {[%emt 0:01:48]} Qd7 {[%emt 0:00:06]} 16. Bg5 {[%emt 0:09:49]} Bxg5 {[%emt 0:16:42]} 17. Nxg5 {[%emt 0:00:09]} dxe5 {[%emt 0:00:10]} 18. dxe5 {[%emt 0:00:45]} Qf5 {[%emt 0:00:04]} 19. Nf3 {[%emt 0:02:30]} Rfe8 {[%emt 0:01:05]} 20. Qd3 {[%emt 0:09:00]} Qh5 {[%emt 0:04:05]} 21. Nb5 {[%emt 0:09:23]} Nxb5 {[%emt 0:21:37]} 22. Qxb5 {[%emt 0:04:13]} Qf5 {[%emt 0:00:23]} 23. Rc7 {[%emt 0:07:42]} Ba8 {[%emt 0:01:52]} 24. Qd7 {[%emt 0:09:13]} Qxd7 {[%emt 0:01:32]} 25. Rxd7 {[%emt 0:00:04]} a5 {[%emt 0:01:41]} 26. Rd6 {[%emt 0:03:23]} d4 {[%emt 0:02:19]} 27. Nxd4 {[%emt 0:11:43]} Rxe5 {[%emt 0:00:03]} 28. Rxb6 {[%emt 0:01:33]} g6 {[%emt 0:04:26]} 29. Rb5 {[%emt 0:01:07]} Rce8 {[%emt 0:13:38]} 30. Rxe5 {[%emt 0:01:08]} Rxe5 {[%emt 0:00:59]} 31. b3 {[%emt 0:04:49]} h5 {[%emt 0:00:36]} 32. h4 {[%emt 0:01:51]} Kg7 {[%emt 0:00:13]} 33. f3 {[%emt 0:00:35]} Rc5 {[%emt 0:07:47]} 34. Kf2 {[%emt 0:00:34]} Kf6 {[%emt 0:00:05]} 35. Ke3 {[%emt 0:01:28]} Bb7 {[%emt 0:02:35]} 36. Ne2 {[%emt 0:04:18]} Re5+ {[%emt 0:02:15]} 37. Kf2 {[%emt 0:00:10]} Ke7 {[%emt 0:00:27]} 38. a3 {[%emt 0:02:43]} Rb5 {[%emt 0:01:28]} 39. Rb1 {[%emt 0:00:58]} Kd6 {[%emt 0:00:31]} 40. b4 {[%emt 0:00:00]} axb4 {[%emt 0:00:00]} 41. Rxb4 {[%emt 0:04:01]} Rxb4 {[%emt 0:13:14]} 42. axb4 {[%emt 0:00:09]} Bc8 {[%emt 0:00:13]} 43. Ke3 {[%emt 0:01:19]} Ke5 {[%emt 0:01:32]} 44. Nc3 {[%emt 0:03:21]} f6 {[%emt 0:00:08]} 45. b5 {[%emt 0:03:04]} g5 {[%emt 0:00:06]} 46. g3 {[%emt 0:02:27]} Bb7 {[%emt 0:02:10]} 47. Ne4 {[%emt 0:05:59]} gxh4 {[%emt 0:00:29]} 48. gxh4 {[%emt 0:00:08]} Bd5 {[%emt 0:02:45]} 49. b6 {[%emt 0:00:59]} f5 {[%emt 0:00:24]} 50. f4+ {[%emt 0:00:08]} Ke6 {[%emt 0:00:01]} 51. b7 {[%emt 0:00:19]} 1-0

[Event "Mitropa Online Cup Open 2021"]
[Site "Hybrid"]
[Date "2021.05.04"]
[Round "6.3"]
[White "Baenziger, Fabian"]
[Black "Schwabeneder, Florian"]
[Result "1/2-1/2"]
[WhiteElo "2400"]
[BlackElo "2443"]
[Annotator "NA"]
[PlyCount "65"]
[EventDate "2021.05.04"]
[EventType "team-tourn"]
[EventCountry "NET"]
[SourceTitle "playchess.com"]
[Source "ChessBase"]
[SourceQuality "1"]
[WhiteTeam "Switzerland"]
[BlackTeam "Austria"]
[WhiteTeamCountry "SUI"]
[BlackTeamCountry "AUT"]
[TimeControl "40/5400+30:1800+30"]

1. d4 {[%emt 0:00:00]} Nf6 {[%emt 0:00:21]} 2. c4 {[%emt 0:00:06]} e6 {[%emt 0:00:09]} 3. Nc3 {[%emt 0:00:11]} d5 {[%emt 0:00:11]} 4. Bg5 {[%emt 0:01:16]} Be7 {[%emt 0:00:32]} 5. e3 {[%emt 0:00:14]} Nbd7 {[%emt 0:00:40]} 6. Nf3 {[%emt 0:00:34]} O-O {[%emt 0:00:22]} 7. Qc2 {[%emt 0:00:38]} a6 {[%emt 0:06:05]} 8. cxd5 {[%emt 0:00:19]} exd5 {[%emt 0:00:53]} 9. Bd3 {[%emt 0:03:49]} Re8 {[%emt 0:00:49]} 10. O-O {[%emt 0:01:34]} Nf8 {[%emt 0:03:48]} 11. h3 {[%emt 0:16:09]} c6 {[%emt 0:00:17]} 12. Bf4 {[%emt 0:12:14]} Ng6 {[%emt 0:02:13]} 13. Bh2 {[%emt 0:00:15]} Bd6 {[%emt 0:00:05]} 14. Bxd6 {[%emt 0:01:30]} Qxd6 {[%emt 0:00:05]} 15. Na4 {[%emt 0:00:06]} Ne4 {[%emt 0:11:12]} 16. Nb6 {[%emt 0:15:10]} Rb8 {[%emt 0:01:24]} 17. Nxc8 {[%emt 0:09:10]} Rbxc8 {[%emt 0:00:14]} 18. Nd2 {[%emt 0:00:04]} f5 {[%emt 0:17:07]} 19. Nf3 {[%emt 0:02:21]} Rc7 {[%emt 0:09:06]} 20. g3 {[%emt 0:05:02]} Nh8 {[%emt 0:04:51]} 21. Kg2 {[%emt 0:06:53]} Nf7 {[%emt 0:01:33]} 22. h4 {[%emt 0:01:56]} g6 {[%emt 0:02:24]} 23. Rac1 {[%emt 0:01:48]} Re6 {[%emt 0:09:04]} 24. Rh1 {[%emt 0:02:09]} Rce7 {[%emt 0:00:10]} 25. a3 {[%emt 0:02:05]} h6 {[%emt 0:17:33]} 26. Rce1 {[%emt 0:01:31]} Rf6 {[%emt 0:03:09]} 27. Re2 {[%emt 0:01:19]} Ree6 {[%emt 0:00:25]} 28. Ree1 {[%emt 0:00:38]} g5 {[%emt 0:02:48]} 29. hxg5 {[%emt 0:00:06]} hxg5 {[%emt 0:00:03]} 30. Rh5 {[%emt 0:00:31]} Rh6 {[%emt 0:00:17]} 31. Reh1 {[%emt 0:00:42]} g4 {[%emt 0:03:19]} 32. Bxe4 {[%emt 0:01:30]} fxe4 {[%emt 0:00:44]} 33. Ng5 {[%emt 0:00:08]} 1/2-1/2

[Event "Mitropa Online Cup Open 2021"]
[Site "Hybrid"]
[Date "2021.05.04"]
[Round "6.3"]
[White "Morgunov, Marc"]
[Black "Fecker, Noah"]
[Result "1/2-1/2"]
[WhiteElo "2385"]
[BlackElo "2308"]
[Annotator "NA"]
[PlyCount "60"]
[EventDate "2021.05.04"]
[EventType "team-tourn"]
[EventCountry "NET"]
[SourceTitle "playchess.com"]
[Source "ChessBase"]
[SourceQuality "1"]
[WhiteTeam "Austria"]
[BlackTeam "Switzerland"]
[WhiteTeamCountry "AUT"]
[BlackTeamCountry "SUI"]
[TimeControl "40/5400+30:1800+30"]

1. e4 {[%emt 0:00:00]} c6 {[%emt 0:00:06]} 2. Nc3 {[%emt 0:00:19]} d5 {[%emt 0:00:04]} 3. Nf3 {[%emt 0:00:37]} dxe4 {[%emt 0:00:08]} 4. Nxe4 {[%emt 0:00:08]} Nf6 {[%emt 0:00:03]} 5. Qe2 {[%emt 0:00:11]} Nxe4 {[%emt 0:00:26]} 6. Qxe4 {[%emt 0:00:10]} Nd7 {[%emt 0:00:01]} 7. Bc4 {[%emt 0:00:21]} Nf6 {[%emt 0:00:05]} 8. Ne5 {[%emt 0:00:13]} e6 {[%emt 0:00:21]} 9. Qe2 {[%emt 0:00:07]} b5 {[%emt 0:00:29]} 10. Bd3 {[%emt 0:00:13]} Qc7 {[%emt 0:00:26]} 11. b3 {[%emt 0:03:37]} Bd6 {[%emt 0:17:11]} 12. Bb2 {[%emt 0:01:14]} Nd5 {[%emt 0:02:08]} 13. O-O {[%emt 0:15:13]} Nf4 {[%emt 0:00:59]} 14. Qe3 {[%emt 0:00:24]} Nxd3 {[%emt 0:00:46]} 15. Nxd3 {[%emt 0:00:24]} O-O {[%emt 0:08:29]} 16. Be5 {[%emt 0:12:29]} Rd8 {[%emt 0:07:03]} 17. Rfe1 {[%emt 0:09:26]} a5 {[%emt 0:14:09]} 18. a3 {[%emt 0:11:02]} Bxe5 {[%emt 0:13:10]} 19. Qxe5 {[%emt 0:02:22]} Qxe5 {[%emt 0:02:14]} 20. Rxe5 {[%emt 0:10:27]} f6 {[%emt 0:01:20]} 21. Rc5 {[%emt 0:00:21]} e5 {[%emt 0:01:23]} 22. Rxc6 {[%emt 0:04:14]} Bf5 {[%emt 0:00:33]} 23. Rb6 {[%emt 0:02:59]} Bxd3 {[%emt 0:05:41]} 24. cxd3 {[%emt 0:00:13]} Rac8 {[%emt 0:03:09]} 25. Rxb5 {[%emt 0:05:01]} Rxd3 {[%emt 0:00:25]} 26. Rxa5 {[%emt 0:01:24]} Rc2 {[%emt 0:03:05]} 27. b4 {[%emt 0:04:49]} Rdxd2 {[%emt 0:00:57]} 28. Rc5 {[%emt 0:00:24]} Rb2 {[%emt 0:06:01]} 29. Rf1 {[%emt 0:00:11]} Rd3 {[%emt 0:00:54]} 30. a4 {[%emt 0:05:17]} Rxb4 {[%emt 0:01:06]} 1/2-1/2

[Event "Mitropa Online Cup Open 2021"]
[Site "Hybrid"]
[Date "2021.05.04"]
[Round "6.4"]
[White "Rogic, Davor"]
[Black "Lagarde, Maxime"]
[Result "0-1"]
[WhiteElo "2492"]
[BlackElo "2638"]
[Annotator "TA"]
[PlyCount "50"]
[EventDate "2021.05.04"]
[EventType "team-tourn"]
[EventCountry "NET"]
[SourceTitle "playchess.com"]
[Source "ChessBase"]
[SourceQuality "1"]
[WhiteTeam "Croatia"]
[BlackTeam "France"]
[WhiteTeamCountry "CRO"]
[BlackTeamCountry "FRA"]

{[%evp 12,50,56,32,34,9,28,29,35,22,62,56,52,-27,-18,-15,-35,-31,0,0,-10,-77,0,0,0,-6,-4,-8,0,0,0,-29,0,-14,0,0,0,-29993,-29994,-29997,-29998]} 1. e4 e5 2. Nf3 Nc6 3. Bb5 f5 4. Nc3 fxe4 5. Nxe4 Nf6 6. Qe2 d5 7. Ng3 Bd6 {C63: Ruy Lopez: Schliemann/Jaenisch Defence.} 8. Nxe5 O-O 9. Bxc6 bxc6 {White has an edge.} 10. O-O {[#]} ({Don't go for} 10. Nxc6 $2 Qd7 $19) 10... h5 $146 ({Predecessor:} 10... Re8 11. d4 c5 12. Qf3 cxd4 13. Nc6 Bg4 14. Nxd8 Bxf3 15. Nc6 Bxg3 16. hxg3 Be2 {0-1 (47) Girish,A (2288)-Thejkumar,M (2451) Aurangabad 2011}) 11. d4 ({Don't blunder} 11. Nxh5 $2 Nxh5 12. d4 (12. Qxh5 $2 Rf5 $19 {[%mdl 64] Double Attack}) 12... Qh4 $19) 11... h4 12. Nxc6 (12. Nh5 $14) 12... Qe8 $11 13. Qxe8 Rxe8 14. Nh1 Ba6 {[%mdl 1024] ...Ng4 is the strong threat. Black has compensation.} 15. Rd1 Re2 16. Bd2 (16. Ne5 $11) 16... Rf8 $40 {[%mdl 128] Black mounts an attack.} (16... Ng4 $1 $17 17. Ne5 Nxe5 18. dxe5 Bxe5) 17. Bb4 Bb5 ({Avoid the trap} 17... Rxc2 $2 18. Bxd6 cxd6 19. Nb4 $18) 18. Bxd6 cxd6 19. Nxa7 Bd7 {And now ...Ra8 would win.} 20. a4 $1 Ne4 21. Rdc1 h3 (21... Nxf2 $5 {[%cal Rf2h3]} 22. Rf1 Ne4 $15) 22. Nb5 hxg2 23. Kxg2 Nxf2 {( -> ...Bh3+)} 24. Nc3 $2 {[%mdl 8192] [#]} (24. Ng3 $11 Bh3+ 25. Kg1) 24... Bh3+ $1 25. Kg1 {[#]} Nd1 $1 {[%csl Gh3][%cal Re2g2][%mdl 512] Weighted Error Value: White=0.46/Black=0.11} 0-1